LEADER 03256oam 2200733M 450 001 9910716119003321 005 20200213070936.4 035 $a(CKB)5470000002518928 035 $a(OCoLC)1065616736 035 $a(OCoLC)995470000002518928 035 $a(EXLCZ)995470000002518928 100 $a20071213d1926 ua 0 101 0 $aeng 135 $aurcn||||||||| 181 $ctxt$2rdacontent 182 $cc$2rdamedia 183 $acr$2rdacarrier 200 10$aInquiry into operations, policies, and affairs of United States Shipping Board and Emergency Fleet Corporation. Report of the Select Committee of Inquiry into operations, policies and affairs and United States Shipping Board and Emergency Fleet Corporation, House of Representatives Sixty-eighth Congress. Under authority of H. Res. 186, adopted March 4, 1924, and H. Res. 212, adopted March 18, 1924, Sixty-eighth Congress 210 1$a[Washington, D.C.] :$c[U.S. Government Printing Office],$d1926. 215 $a1 online resource (64 pages)$ctables 225 1 $aHouse report / 69th Congress, 1st session. House ;$vno. 2 225 1 $a[United States congressional serial set] ;$v[serial no. 8535] 300 $aBatch processed record: Metadata reviewed, not verified. Some fields updated by batch processes. 300 $aFDLP item number not assigned. 606 $aCompetition 606 $aEconomic development 606 $aRevenue 606 $aFactory and trade waste 606 $aGovernment corporations 606 $aShipping 606 $aMerchant ships 606 $aIndustrial efficiency 606 $aPublic administration 606 $aPublic contracts 606 $aShips$xRegistration and transfer 606 $aShips$xNationality 606 $aShipbuilding 606 $aShipyards 606 $aFinancial statements 608 $aLegislative materials.$2lcgft 615 0$aCompetition. 615 0$aEconomic development. 615 0$aRevenue. 615 0$aFactory and trade waste. 615 0$aGovernment corporations. 615 0$aShipping. 615 0$aMerchant ships. 615 0$aIndustrial efficiency. 615 0$aPublic administration. 615 0$aPublic contracts. 615 0$aShips$xRegistration and transfer. 615 0$aShips$xNationality. 615 0$aShipbuilding. 615 0$aShipyards. 615 0$aFinancial statements. 701 $aDavis$b Ewin Lamar$f1876-1949$pDemocrat (TN)$01406901 712 02$aUnited States.$bCongress.$bHouse.$bSelect Committee To Investigate the Operations of the United States Shipping Board and the United States Shipping Board Emergency Fleet Corporation. 801 0$bWYU 801 1$bWYU 801 2$bOCLCO 906 $aBOOK 912 $a9910716119003321 996 $aInquiry into operations, policies, and affairs of United States Shipping Board and Emergency Fleet Corporation. Report of the Select Committee of Inquiry into operations, policies and affairs and United States Shipping Board and Emergency Fleet Corporation, House of Representatives Sixty-eighth Congress. Under authority of H. Res. 186, adopted March 4, 1924, and H. Res. 212, adopted March 18, 1924, Sixty-eighth Congress$93514372 997 $aUNINA LEADER 06310nam 2200637Ia 450 001 9910974207503321 005 20251116221035.0 010 $a1-61761-914-0 035 $a(CKB)2560000000067903 035 $a(EBL)3017772 035 $a(SSID)ssj0000417830 035 $a(PQKBManifestationID)12110638 035 $a(PQKBTitleCode)TC0000417830 035 $a(PQKBWorkID)10380210 035 $a(PQKB)10866897 035 $a(MiAaPQ)EBC3017772 035 $a(Au-PeEL)EBL3017772 035 $a(CaPaEBR)ebr10654743 035 $a(OCoLC)923653658 035 $a(BIP)26942014 035 $a(EXLCZ)992560000000067903 100 $a20090414d2009 uy 0 101 0 $aeng 135 $aur|n|---||||| 181 $ctxt 182 $cc 183 $acr 200 00$aFlavonoids $ebiosynthesis, biological effects and dietary sources /$fRaymond B. Keller, editor 205 $a1st ed. 210 $aNew York $cNova Science Publishers$dc2009 215 $a1 online resource (363 p.) 225 0$aNutrition and diet research progress series 300 $aDescription based upon print version of record. 311 08$a1-60741-622-0 320 $aIncludes bibliographical references and index. 327 $a""FLAVONOIDS: BIOSYNTHESIS, BIOLOGICAL EFFECTS AND DIETARY SOURCES ""; ""FLAVONOIDS: BIOSYNTHESIS, BIOLOGICAL EFFECTS AND DIETARY SOURCES""; ""CONTENTS""; ""PREFACE ""; ""BIOAVAILABILITY AND METABOLISM OF DIETARY FLAVONOIDS a??? MUCH KNOWN a??? MUCH MORE TO DISCOVER ""; ""ABSTRACT""; ""INTRODUCTION ""; ""FLAVONOID ABSORPTION AND METABOLISM IN THE GASTROINTESTINAL TRACT ""; ""The Oral Cavity ""; ""The Stomach ""; ""The Small Intestine ""; ""The Colon and Microflora""; ""DISTRIBUTION OF FLAVONOID METABOLITES ROUND THE BODY ""; ""FLAVONOID BIOAVAILABILITY TO THE CENTRAL NERVOUS SYSTEM "" 327 $a""BIOLOGICAL ACTIVITY OF FLAVONOID METABOLITES """"Quercetin/Flavonols ""; ""Isoflavones ""; ""Catechins ""; ""Other Flavonoids""; ""CONCLUSION ""; ""REFERENCES ""; ""CYTOPROTECTIVE ACTIVITY OF FLAVONOIDS IN RELATION TO THEIR CHEMICAL STRUCTURES AND PHYSICOCHEMICAL PROPERTIES ""; ""ABSTRACT ""; ""INTRODUCTION""; ""CHEMICAL STRUCTURE OF FLAVONOIDS ""; ""PHYSICOCHEMICAL PROPERTIES OF FLAVONOIDS ""; ""The UV Absorption of Flavonoids ""; ""Physical Properties of Flavonoids ""; ""Bond Dissociation Energy (BDE)""; ""Lipophilicity (Log P) ""; ""HEALTH EFFECTS OF FLAVONOIDS "" 327 $a""CYTOPROTECTION ASSAY """"MATERIALS AND METHODS ""; ""Materials ""; ""Assessment of Cell Viability ""; ""Culture and Treatment of HT-29 Cells ""; ""Annexin V Staining and Flow Cytometric Analysis ""; ""Calculation of Results""; ""Cell Death Index (CDI)""; ""Quantum Chemical Calculations ""; ""Calculation of Heat of Formation ""; ""Calculation of Log P ""; ""RESULTS AND DISCUSSION""; ""Cytotoxic Effects of H2O2 ""; ""Cytotoxicity of Flavonoids ""; ""The Influence of Trolox on Cytotoxic Effects of H2O2 ""; ""Structural Related Cytoprotective Activity of Flavonoids "" 327 $a""Effects of Hydroxyl Groups in the B Ring """"Effect of the 3-OH Group, 2,3-Double Bond and 4-Keto Group ""; ""Effect of the Carbohydrate Moieties""; ""Cytoprotective Activities and Physicochemical Properties of Flavonoids ""; ""Correlation between O-H Bond Dissociation Enthalpy (BDE) and Cytoprotective Activity (EC50) of Flavonoids ""; ""Correlation between Partition Coefficient (Log P) and Cytoprotective Activity (EC50) of Flavonoids ""; ""Quantitative Structure-Activity Relationship (QSAR) Model ""; ""CONCLUSION""; ""ACKNOWLEDGMENTS ""; ""REFERENCES "" 327 $a"" OLIGOMERIC NATURE, COLLOIDAL STATE, RHEOLOGY, ANTIOXIDANT CAPACITY AND ANTIVIRAL ACTIVITY OF POLYFLAVONOIDS""""ABSTRACT""; ""INTRODUCTION""; ""THE OLIGOMERIC NATURE OF POLYFLAVONOIDS ""; "" Profisetinindin and Prorobinetinidin Type Polyflavonoids ""; ""Procyanidin and Prodelphinidin Type Polyflavonoids ""; ""Colloidal State of Polyflavonoid Extracts""; ""RHEOLOGY OF INDUSTRIAL POLYFLAVONOIDS ""; ""ANTI-OXYDANT CAPABILITY OF POLYFLAVONOIDS ""; ""ANTIVIRAL ACTIVITY OF POLYFLAVONOIDS ""; ""REFERENCES""; ""GRAPEFRUIT FLAVONOIDS: NARINGIN AND NARINGININ ""; ""ABSTRACT ""; ""INTRODUCTION "" 327 $a""REFERENCES "" 330 $aFlavonoids, also referred to as bioflavonoids, are polyphenol antioxidants found naturally in plants. They are secondary metabolites, meaning they are organic compounds that have no direct involvement with the growth or development of plants. Flavonoids are plant nutrients that when consumed in the form of fruits and vegetables are non-toxic as well as potentially beneficial to the human body. Flavonoids are widely disbursed throughout plants and are what give the flowers and fruits of many plants their vibrant colours. They also play a role in protecting the plants from microbe and insect attacks. More importantly, the consumption of foods containing flavonoids has been linked to numerous health benefits. Though research shows flavonoids alone provide minimal antioxidant benefit due to slow absorption by the body, there is indication that they biologically trigger the production of natural enzymes that fight disease. Recent research indicates that flavonoids can be nutritionally helpful by triggering enzymes that reduce the risk of certain cancers, heart disease, and age-related degenerative diseases. Some research also indicates flavonoids may help prevent tooth decay and reduce the occurrence of common ailments such as the flu. These potential health benefits, many of which have been proven, have become of particular interest to consumers and food manufacturers. Foods that contain high amounts of flavonoids include blueberries, red beans, cranberries, and blackberries. Many other foods, including red and yellow fruits and vegetables and some nuts, also contain flavonoids. Red wine and certain teas also are rich in flavonoids. 410 0$aNutrition and Diet Research Progress 606 $aFlavonoids 606 $aPlant pigments 615 0$aFlavonoids. 615 0$aPlant pigments. 676 $a612/.0154 701 $aKeller$b Raymond B$01864930 801 0$bMiAaPQ 801 1$bMiAaPQ 801 2$bMiAaPQ 906 $aBOOK 912 $a9910974207503321 996 $aFlavonoids$94471909 997 $aUNINA LEADER 03348nam 22007455 450 001 9910484658203321 005 20251226203252.0 010 $a3-319-26850-3 024 7 $a10.1007/978-3-319-26850-7 035 $a(CKB)4340000000001225 035 $a(SSID)ssj0001659722 035 $a(PQKBManifestationID)16442468 035 $a(PQKBTitleCode)TC0001659722 035 $a(PQKBWorkID)14987369 035 $a(PQKB)11252842 035 $a(DE-He213)978-3-319-26850-7 035 $a(MiAaPQ)EBC6298259 035 $a(MiAaPQ)EBC5576641 035 $a(Au-PeEL)EBL5576641 035 $a(OCoLC)1066197558 035 $a(PPN)192221639 035 $a(EXLCZ)994340000000001225 100 $a20160220d2015 u| 0 101 0 $aeng 135 $aurnn|008mamaa 181 $ctxt 182 $cc 183 $acr 200 10$aNetworked Systems $eThird International Conference, NETYS 2015, Agadir, Morocco, May 13-15, 2015, Revised Selected Papers /$fedited by Ahmed Bouajjani, Hugues Fauconnier 205 $a1st ed. 2015. 210 1$aCham :$cSpringer International Publishing :$cImprint: Springer,$d2015. 215 $a1 online resource (XXVIII, 526 p. 165 illus.) 225 1 $aComputer Communication Networks and Telecommunications,$x2945-9184 ;$v9466 300 $aBibliographic Level Mode of Issuance: Monograph 311 08$a3-319-26849-X 320 $aIncludes bibliographical references and index. 327 $aMulti-core architectures -- Concurrent and distributed algorithms -- Middleware environments -- Storage clusters -- Social networks -- Peer-to-peer networks -- Sensor networks -- Wireless and mobile networks -- Privacy and security measures. 330 $aThis book constitutes the revised selected papers of the Third International Conference on Networked Systems, NETYS 2015, held in Agadir, Morocco, in May 2015. The 29 full papers and 12 short papers presented together with 22 poster abstracts were carefully reviewed and selected from 133 submissions. They address major topics such as multi-core architectures; concurrent and distributed algorithms; middleware environments; storage clusters; social networks; peer-to-peer networks; sensor networks; wireless and mobile networks; and privacy and security measures. 410 0$aComputer Communication Networks and Telecommunications,$x2945-9184 ;$v9466 606 $aComputer networks 606 $aAlgorithms 606 $aSoftware engineering 606 $aApplication software 606 $aComputer Communication Networks 606 $aAlgorithms 606 $aSoftware Engineering 606 $aComputer and Information Systems Applications 615 0$aComputer networks. 615 0$aAlgorithms. 615 0$aSoftware engineering. 615 0$aApplication software. 615 14$aComputer Communication Networks. 615 24$aAlgorithms. 615 24$aSoftware Engineering. 615 24$aComputer and Information Systems Applications. 676 $a004.6 702 $aBouajjani$b Ahmed$4edt$4http://id.loc.gov/vocabulary/relators/edt 702 $aFauconnier$b Hugues$4edt$4http://id.loc.gov/vocabulary/relators/edt 801 0$bMiAaPQ 801 1$bMiAaPQ 801 2$bMiAaPQ 906 $aBOOK 912 $a9910484658203321 996 $aNetworked Systems$92499603 997 $aUNINA